000 00330nam a2200145Ia 4500
008 100122s9999 xx 000 0 und d
082 _b27108
_a613.7
100 _aSHRI YOGENDRA
245 _aWAY TO LIVE
260 _bYOGA INSTITURE
_c1936
300 _a93
630 _aWAY TO LIVE
730 _aWAY TO LIVE
942 _cBOOK
999 _c368447
_d368444